| 000 | 00707nam a2200181 a 4500 | ||
|---|---|---|---|
| 001 | 000041066 | ||
| 005 | 20201002034607.0 | ||
| 008 | 130917s1990 sp 000 0 spa d | ||
| 020 | _a8400070674 | ||
| 040 |
_aDO-SdBNP _bspa _cBNPHU |
||
| 245 | 0 | 0 | _aDe Al-Andalus a la sociedad feudal: los repartimientos bajomedievales. |
| 260 |
_aBarcelona : _bConsejo Superior de Investigaciones Científicas, _c1990. |
||
| 300 |
_a153 p. ; _c25 cm. |
||
| 490 | 1 |
_aAnuario de estudios medievales _aanejo _v23 |
|
| 504 | _aIncluye referencias bibliográficas y notas al pie de las páginas | ||
| 710 | 2 |
_aConsejo Superior de Investigaciones Científicas, _94786 |
|
| 830 | 0 |
_aAnuario de estudios medievales _panejo _n23 _963964 |
|
| 999 |
_c40556 _d40556 |
||